000
00308nam a22001457a 4500
003
SGT
082
_a
340,MAR
100
_a
MARKANDA,P.C.
245
_a
LAW RELATING TO ARBITRATION
250
_a
8TH
260
_a
INDIA
_b
LEXIS NEXIS
_c
2013
300
_a
1570
650
_a
ARBITRTION
942
_2
ddc
_c
BK
_0
1
999
_c
10311
_d
10311